Sociální politika pro dospělé?

Stručná charakteristika názorov profesora ekonómie na univerzite v Mannheime Rolanda Vaubela, ktorý kritizuje sociálnu politiku v SRN. Domnieva sa, že sociálna politika dospela už do toho štádia, kedy spôsobí viac škody ako úžitku. Príliš silné zasahovanie štátu do života občanov obmedzuje ich samos...

Descrizione completa

Salvato in:
Dettagli Bibliografici
Autore principale: Urban, J.
Natura: Capitolo di libro
Lingua:ceco
Soggetti:
Tags: Aggiungi Tag
Nessun Tag, puoi essere il primo ad aggiungerne!!

MARC

LEADER 00000naa a2200000 4500
001 r001054
005 20220819175840.0
041 0 |a cze 
044 |a [CS] 
245 1 0 |a Sociální politika pro dospělé?  |c J. Urban 
520 |a Stručná charakteristika názorov profesora ekonómie na univerzite v Mannheime Rolanda Vaubela, ktorý kritizuje sociálnu politiku v SRN. Domnieva sa, že sociálna politika dospela už do toho štádia, kedy spôsobí viac škody ako úžitku. Príliš silné zasahovanie štátu do života občanov obmedzuje ich samostatnosť, vyvoláva aj nežiadúce účinky negatívne ovplyvňujúce životnú úroveň. 
610 2 0 |a politika sociálna 
610 2 0 |a intervencionizmus štátny 
610 2 0 |a úroveň životná 
610 2 0 |a Nemecko 
100 1 |a Urban, J.